000 00912nam a2200241Ia 4500
008 130821s2005 sp gr spa
020 _a8481641510
040 _aCo-BoUCM
_bspa
041 0 0 _aspa
100 1 _aHabermas, Jürgen
_d1929-
_935624
245 1 0 _aFacticidad y validez sobre el Derecho y Estado democrático de derecho en términos de teoría del discurso
_cJurgen Habermas ; traducción de Manuel Jiménez Redondo
260 _aMadrid (España)
_bTrotta
_c2005
300 _a689 páginas
490 _aColección Estructuras y Procesos
504 _aIncluye bibliografía e índices.
650 0 4 _aDerecho y ética
_912843
650 0 4 _aDerecho y sociedad
_912849
650 0 4 _aFilosofía del derecho
_915792
700 _aJiménez Redondo, Manuel
_etrad.
_930381
765 _tFaktizitat und Geltung
942 _cLIBRO
_a8
_e1
_mH11
_2DEWEY
_h340.112
999 _c70767
_d70767